| 000 | 00566nam a22001695i 4500 | ||
|---|---|---|---|
| 001 | 154696 | ||
| 003 | ES-MaACL | ||
| 005 | 20230906205824.0 | ||
| 008 | 040708s1898 fr |||| | fre d | ||
| 040 |
_aCAM _bspa _cCAM |
||
| 100 | 1 |
_aGourmont, Rémy de ( _d1858-1916) _959362 |
|
| 245 | 1 | 0 |
_aD'un pays lointain _b: miracles, visages de femmes, anecdotes / _cRemy de Gourmont. |
| 250 | _a2e éd. | ||
| 260 |
_aParis : _bSocieté de Mercure de France, _c1898. |
||
| 300 |
_a282 p. ; _c18 cm. |
||
| 852 |
_aES-MaACL _jD-1472 _z-- Enc. hol. conservando la cub. original |
||
| 999 |
_c154696 _d154696 |
||